[Event "2017CICC"]
[Site "Calgary Alberta"]
[Date "2017.08.05"]
[Round "6.9"]
[White "Findlay, Ian"]
[Black "Haessel, Dale"]
[Result "0-1"]
[WhiteElo "2226"]
[BlackElo "2205"]
[PlyCount "58"]
[EventDate "2017.08.??"]
[SourceDate "2017.09.01"]

1. e4 e5 2. Nf3 Nc6 3. Bc4 Bc5 4. O-O Nf6 5. d3 O-O 6. c3 a6 7. d4 Ba7 8. dxe5
Nxe4 9. Bd5 Nc5 10. Bg5 Ne7 11. Re1 Qe8 12. Bc4 b5 13. Bf1 Bb7 14. Nbd2 h6 15.
Bf4 Nf5 16. Qc2 g6 17. Nd4 Ne6 18. Nxf5 Nxf4 19. Nxh6+ Kg7 20. Ng4 Qe6 21. h3
Rae8 22. a4 Rh8 23. Ne4 Qf5 24. Rac1 Rxe5 25. Nxe5 Qxe5 26. axb5 Rh4 27. bxa6
Bc6 28. c4 Nxh3+ 29. gxh3 Rxe4 0-1

[Event "2017CICC"]
[Site "Calgary Alberta"]
[Date "2017.08.05"]
[Round "6.10"]
[White "Booker, Brad"]
[Black "Kostadinov, Georgi"]
[Result "0-1"]
[WhiteElo "2114"]
[BlackElo "1997"]
[PlyCount "94"]
[EventDate "2017.08.??"]
[SourceDate "2017.09.01"]

1. e4 c5 2. Nc3 Nc6 3. f4 g6 4. Nf3 Bg7 5. Bb5 e6 6. d3 Nd4 7. O-O a6 8. Bc4
Ne7 9. Nxd4 cxd4 10. Ne2 b5 11. Bb3 Qb6 12. Kh1 Bb7 13. Qe1 f5 14. Ng3 O-O 15.
Bd2 a5 16. a4 b4 17. Rf2 Rac8 18. Rb1 Kh8 19. Qe2 Bf6 20. Rff1 Rc7 21. Be1 Rfc8
22. Rg1 Bg7 23. Nf1 fxe4 24. dxe4 Rf8 25. Nd2 Ba6 26. Qg4 d3 27. cxd3 Bxd3 28.
Rd1 Bxb2 29. Bh4 Qc5 30. Qg3 Ba6 31. Nf3 Ng8 32. e5 Qe3 33. Ng5 Qxg3 34. hxg3
h6 35. Ne4 Kh7 36. Rd6 Bb7 37. Nf6+ Nxf6 38. Bxf6 g5 39. Ba2 Be4 40. Rgd1 Rf7
41. Bd8 Rc1 42. Bxa5 gxf4 43. Rxc1 Bxc1 44. Rd4 fxg3 45. Bc4 b3 46. Rxe4 b2 47.
Bd3 b1=Q 0-1

[Event "2017CICC"]
[Site "Calgary Alberta"]
[Date "2017.08.05"]
[Round "6.11"]
[White "Zhao, Ian"]
[Black "Matras-Clement, Agnieszka"]
[Result "0-1"]
[WhiteElo "1844"]
[BlackElo "2230"]
[PlyCount "122"]
[EventDate "2017.08.??"]
[SourceDate "2017.09.01"]

1. e4 e5 2. Nf3 Nc6 3. Bc4 Bc5 4. c3 Nf6 5. d3 d6 6. O-O O-O 7. Nbd2 a6 8. Bb3
Ba7 9. h3 h6 10. Re1 Nh5 11. Nf1 Qf6 12. Be3 Nf4 13. Ng3 Ne7 14. Bxf4 exf4 15.
Nh5 Qg6 16. Nxf4 Qg3 17. Qd2 Bxf2+ 18. Qxf2 Qxf4 19. d4 Ng6 20. Rad1 Be6 21.
Bc2 Rae8 22. b3 Bd7 23. c4 Bc6 24. Qe3 Re7 25. Qxf4 Nxf4 26. d5 Bd7 27. e5 dxe5
28. Rxe5 Rfe8 29. Rde1 Kf8 30. Kf2 g6 31. h4 Nh5 32. Rxe7 Rxe7 33. Ne5 Nf6 34.
Kf3 Bc8 35. Re3 Ke8 36. Kf4 Nh5+ 37. Kf3 Ng7 38. g4 h5 39. gxh5 Nxh5 40. Nxg6
Bg4+ 41. Kxg4 Rxe3 42. Kxh5 fxg6+ 43. Kxg6 Re2 44. Bf5 Rxa2 45. Bc8 b5 46. cxb5
axb5 47. Bb7 Ke7 48. Bc6 b4 49. Bb5 Rd2 50. h5 Rxd5 51. Bc4 Rd4 52. h6 Rg4+ 53.
Kf5 Rxc4 54. bxc4 Kf7 55. h7 Kg7 56. Ke4 c5 57. Kd5 b3 58. Kxc5 b2 59. Kd6 b1=Q
60. c5 Qb8+ 61. Kd7 Qb7+ 0-1

[Event "2017CICC"]
[Site "Calgary Alberta"]
[Date "2017.08.05"]
[Round "6.13"]
[White "Willis, Brad"]
[Black "Chandra, Anand"]
[Result "1-0"]
[WhiteElo "1991"]
[BlackElo "1682"]
[PlyCount "75"]
[EventDate "2017.08.??"]
[SourceDate "2017.09.01"]

1. d4 Nf6 2. c4 g6 3. Nc3 d5 4. f3 Bg7 5. cxd5 Nxd5 6. e4 Nxc3 7. bxc3 c5 8.
Be3 Nc6 9. Bb5 cxd4 10. Bxc6+ bxc6 11. Bxd4 Bxd4 12. Qxd4 Qxd4 13. cxd4 Ba6 14.
Rc1 Rc8 15. Ne2 O-O 16. Kf2 Rfd8 17. Rhd1 Kf8 18. Nc3 c5 19. d5 c4 20. Ke3 Ke8
21. Ne2 Rd7 22. Rc3 Rb7 23. Rd2 Kd7 24. Nd4 Kd6 25. f4 Kc5 26. Rdc2 Rb1 27.
Nb3+ Kb6 28. Nd2 Rb4 29. Kd4 f6 30. a3 Ra4 31. Rb2+ Bb5 32. Rb4 Rxb4 33. axb4
Ba6 34. Nxc4+ Kb5 35. Na5 Rd8 36. Nc6 Rd7 37. Rc5+ Kb6 38. Nb8 1-0

[Event "2017CICC"]
[Site "Calgary Alberta"]
[Date "2017.08.05"]
[Round "6.14"]
[White "Perron, Sean"]
[Black "Garcia Franco, Juan Carlos"]
[Result "1-0"]
[WhiteElo "2080"]
[BlackElo "1842"]
[PlyCount "39"]
[EventDate "2017.08.??"]
[SourceDate "2017.09.01"]

1. c4 Nf6 2. Nc3 e6 3. e4 Bb4 4. e5 Bxc3 5. dxc3 Ng8 6. Qg4 g6 7. Bg5 Ne7 8.
Bf6 h5 9. Qf4 Rg8 10. O-O-O c5 11. Nf3 Qa5 12. Ng5 Nf5 13. h3 h4 14. g4 hxg3
15. fxg3 Qxa2 16. Bd3 Nc6 17. g4 Nh6 18. Ne4 d5 19. exd6 Na5 20. d7+ 1-0

[Event "2017CICC"]
[Site "Calgary Alberta"]
[Date "2017.08.05"]
[Round "6.15"]
[White "Timmerman, Brian"]
[Black "Gashgarian, Rob"]
[Result "1-0"]
[WhiteElo "1615"]
[BlackElo "1679"]
[PlyCount "83"]
[EventDate "2017.08.??"]
[SourceDate "2017.09.01"]

1. e4 e5 2. Nf3 Nf6 3. Bb5 a6 4. Ba4 Nc6 5. O-O Nxe4 6. d4 b5 7. Bb3 d5 8. dxe5
Be6 9. c3 Be7 10. Nbd2 Nc5 11. Bc2 Bg4 12. h3 Bh5 13. Bb1 Ne6 14. Nb3 Bg6 15.
Bxg6 fxg6 16. Be3 O-O 17. Qe2 Qd7 18. Rad1 Rad8 19. Rd2 Nb8 20. Rfd1 c6 21. Ra1
c5 22. Rad1 Qb7 23. Na5 Qa8 24. Nb3 Rd7 25. Na1 Qc6 26. Nc2 a5 27. Na3 b4 28.
Nb5 Rfd8 29. a4 bxa3 30. Nxa3 Rb7 31. g3 Na6 32. h4 Nac7 33. Bg5 Nxg5 34. Nxg5
Bxg5 35. hxg5 Ne6 36. Nc4 Rbd7 37. Nd6 Rxd6 38. exd6 Rxd6 39. Qe5 Nc7 40. Qf4
Re6 41. Qf3 Re4 42. Rxd5 1-0

[Event "2017CICC"]
[Site "Calgary Alberta"]
[Date "2017.08.05"]
[Round "6.17"]
[White "Dave, Bhavik"]
[Black "Sklenka, Steve"]
[Result "1-0"]
[WhiteElo "1771"]
[BlackElo "1533"]
[PlyCount "103"]
[EventDate "2017.08.??"]
[SourceDate "2017.09.01"]

1. d4 Nf6 2. c4 e6 3. Nc3 d5 4. cxd5 exd5 5. Bg5 c6 6. e3 Be7 7. Bd3 O-O 8.
Nge2 h6 9. Bf4 Bd6 10. Qc2 Re8 11. O-O Be6 12. Rad1 Qc7 13. Nb5 cxb5 14. Qxc7
Bxc7 15. Bxc7 a6 16. Rc1 Nc6 17. a3 Rac8 18. Bf4 b4 19. a4 a5 20. Bb5 Ne4 21.
Rc2 g5 22. Bg3 Nxg3 23. Nxg3 Red8 24. Bxc6 bxc6 25. Rfc1 Bd7 26. Rc5 f5 27.
Rxa5 f4 28. exf4 gxf4 29. Nh5 Rf8 30. Ra7 Rcd8 31. Re1 Rf7 32. Re5 f3 33. g3
Bg4 34. Rxf7 Kxf7 35. Nf4 b3 36. h3 Bd7 37. Re3 Bf5 38. Rxb3 Re8 39. Re3 Be4
40. Nd3 Rb8 41. b3 Kf6 42. Ne5 Rc8 43. Nxf3 c5 44. Rc3 c4 45. Ne5 Rc7 46. bxc4
Rb7 47. f3 Rb1+ 48. Kf2 Bh7 49. cxd5 Rb4 50. Rc4 Rb2+ 51. Ke3 Rb3+ 52. Kf4 1-0

[Event "2017CICC"]
[Site "Calgary Alberta"]
[Date "2017.08.06"]
[Round "7.2"]
[White "Sambuev, Bator"]
[Black "Cao, Jason"]
[Result "1-0"]
[WhiteElo "2522"]
[BlackElo "2328"]
[PlyCount "107"]
[EventDate "2017.08.??"]
[SourceDate "2017.09.01"]

1. Nf3 Nf6 2. c4 e6 3. Nc3 Bb4 4. g4 h6 5. Qc2 d5 6. e3 a5 7. Rg1 c6 8. h4 dxc4
9. Bxc4 Nd5 10. Ne4 Nd7 11. a3 Be7 12. g5 hxg5 13. hxg5 g6 14. b3 Qc7 15. Bb2
Rh7 16. Ke2 b5 17. Bd3 Ba6 18. Nd4 Rc8 19. Rac1 Qb6 20. Nxe6 fxe6 21. Nf6+
N7xf6 22. gxf6 b4 23. fxe7 Rh2 24. Bxa6 Qxa6+ 25. Qc4 Qxc4+ 26. Rxc4 Kxe7 27.
axb4 axb4 28. Bd4 Kf7 29. Ra1 g5 30. Rg1 Kg6 31. Be5 Rh5 32. e4 Nb6 33. Rxb4
Nd7 34. Bc3 Nc5 35. Rg3 Rh4 36. d3 Ra8 37. Bd4 Nd7 38. Ra4 Rb8 39. Ra7 Nf6 40.
Ra5 g4 41. Bxf6 Kxf6 42. d4 Rh3 43. Rxg4 Rhxb3 44. Rag5 Ke7 45. Rg7+ Kd6 46.
e5+ Kd5 47. Rd7+ Kc4 48. d5+ Kc5 49. dxe6 Rb2+ 50. Kf3 Rf8+ 51. Rf4 Rxf2+ 52.
Kxf2 Rxf4+ 53. Ke3 Rf5 54. Ke4 1-0

[Event "2017CICC"]
[Site "Calgary Alberta"]
[Date "2017.08.06"]
[Round "7.3"]
[White "Moradiabadi, Elshan"]
[Black "Gareyev, Timur"]
[Result "1/2-1/2"]
[WhiteElo "2530"]
[BlackElo "2620"]
[PlyCount "296"]
[EventDate "2017.08.??"]
[SourceDate "2017.09.01"]

1. Nf3 g6 2. c4 Bg7 3. d4 c5 4. e4 Qb6 5. dxc5 Qxc5 6. Be2 d6 7. O-O Nc6 8. a3
Bg4 9. Be3 Qa5 10. Qb3 Rb8 11. Nbd2 Nf6 12. Qc2 Bxf3 13. Bxf3 Nd7 14. Bg4 Qc7
15. Rac1 O-O 16. Nb3 Nc5 17. Nd2 a5 18. b3 Nd4 19. Bxd4 Bxd4 20. b4 axb4 21.
axb4 Na6 22. Qb3 Qb6 23. Rb1 e6 24. Be2 Qxb4 25. Qxb4 Nxb4 26. Rxb4 Bc3 27. Rb6
Bxd2 28. Rd1 Ba5 29. Rbxd6 Bb4 30. Rd7 b6 31. h4 h5 32. g4 hxg4 33. Bxg4 Rbc8
34. Be2 Kg7 35. Rb7 Bc5 36. Kg2 Rcd8 37. f4 Rxd1 38. Bxd1 Kh6 39. Rd7 f5 40.
Kf3 Ra8 41. Be2 Ra1 42. Rd1 Ra2 43. e5 Be7 44. Rb1 Ra3+ 45. Kg2 Bc5 46. Rh1 Ra2
47. Kf3 Ra3+ 48. Kg2 Ra2 49. Kf3 Rb2 50. Rd1 Be7 51. Rh1 Rb3+ 52. Kg2 Rb2 53.
Kf3 Rb3+ 54. Kg2 Bb4 55. Rd1 Rb2 56. Kf3 Bd2 57. Bd3 Ra2 58. Rb1 Ra3 59. Ke2
Ba5 60. c5 bxc5 61. Bc4 Ra4 62. Rc1 Bd8 63. Bxe6 Rxf4 64. Rxc5 Bxh4 65. Bd5 Rd4
66. Ke3 Rd1 67. e6 Be7 68. Rb5 Kg5 69. Ke2 Rd4 70. Ke3 Ra4 71. Kf3 Rf4+ 72. Kg2
Rd4 73. Bb3 Kf6 74. Rb8 Rd2+ 75. Kf1 Rb2 76. Rb5 Rd2 77. Rd5 Rh2 78. Rb5 Rh3
79. Bc4 Rc3 80. Bb3 Rc7 81. Rb8 Ke5 82. Rg8 Rc3 83. Rb8 f4 84. Rb5+ Ke4 85.
Bd5+ Ke3 86. Kg2 g5 87. Rb7 Rd3 88. Bc6 Rd6 89. Rb3+ Kd4 90. Bf3 Rxe6 91. Rb1
Re3 92. Kf2 Rc3 93. Re1 Bc5 94. Kg2 g4 95. Re4+ Kd3 96. Rxf4 Rc2+ 97. Kg3 gxf3
98. Rxf3+ Be3 99. Rf7 Rc1 100. Kg4 Rc6 101. Kf5 Bd4 102. Rf8 Rc1 103. Rf7 Re1
104. Rd7 Re5+ 105. Kf6 Kc4 106. Kf7 Kc5 107. Re7 Rf5+ 108. Kg6 Rf6+ 109. Kg5
Rf1 110. Kg4 Kd5 111. Re2 Rf8 112. Kg3 Be5+ 113. Kg2 Kd4 114. Rf2 Bf4 115. Kf1
Ke4 116. Rg2 Be3+ 117. Ke2 Rb8 118. Kd1 Rc8 119. Rc2 Rh8 120. Ra2 Rc8 121. Rc2
Rd8+ 122. Ke2 Rh8 123. Kd1 Bf4 124. Re2+ Kd4 125. Re7 Rh2 126. Re2 Rh6 127. Re8
Kd3 128. Rd8+ Bd6 129. Ke1 Rf6 130. Rd7 Rg6 131. Rd8 Rh6 132. Rd7 Ke4 133. Kd2
Be5 134. Re7 Rh2+ 135. Ke1 Kd4 136. Kf1 Rb2 137. Re8 Rb5 138. Ke2 Ke4 139. Re7
Rb2+ 140. Ke1 Kd5 141. Kf1 Kd6 142. Re8 Bd4 143. Re2 Rb3 144. Re8 Kd5 145. Ke2
Bb6 146. Kf1 Rg3 147. Ke2 Kd4 148. Re6 Bc5 1/2-1/2

[Event "2017CICC"]
[Site "Calgary Alberta"]
[Date "2017.08.06"]
[Round "7.4"]
[White "Becerra, Julio"]
[Black "Foisor, Sabina-Francesca"]
[Result "1/2-1/2"]
[WhiteElo "2539"]
[BlackElo "2358"]
[PlyCount "103"]
[EventDate "2017.08.??"]
[SourceDate "2017.09.01"]

1. e4 e5 2. Nf3 Nc6 3. Bb5 a6 4. Ba4 Nf6 5. O-O Be7 6. Re1 b5 7. Bb3 d6 8. c3
O-O 9. d3 Re8 10. Nbd2 Bf8 11. Nf1 h6 12. a4 Rb8 13. axb5 axb5 14. Ne3 Be6 15.
Nd5 Bxd5 16. exd5 Ne7 17. d4 e4 18. Nd2 Nexd5 19. Nxe4 Rxe4 20. Rxe4 Nxc3 21.
bxc3 Nxe4 22. Bxf7+ Kxf7 23. Qh5+ Kg8 24. Qd5+ Kh8 25. Qxe4 d5 26. Qf5 Ra8 27.
Rxa8 Qxa8 28. g4 Bd6 29. Be3 Qa1+ 30. Kg2 Qxc3 31. Qc8+ Kh7 32. Qf5+ Kh8 33. h4
Qc6 34. Qc8+ Kh7 35. Qf5+ Kh8 36. g5 hxg5 37. Qc8+ Kh7 38. Qf5+ Kh8 39. hxg5
Qe8 40. Qxd5 b4 41. Kf1 g6 42. Ke2 Kg7 43. Kd2 Qf7 44. Qxf7+ Kxf7 45. d5 Ke7
46. Kd3 Kd7 47. Kc4 c6 48. dxc6+ Kxc6 49. Bd2 b3 50. Kxb3 Kd5 51. f3 Ke5 52.
Kc4 1/2-1/2

[Event "2017CICC"]
[Site "Calgary Alberta"]
[Date "2017.08.06"]
[Round "7.6"]
[White "Malek, Omid"]
[Black "Shi, Diwen"]
[Result "1/2-1/2"]
[WhiteElo "2090"]
[BlackElo "2261"]
[PlyCount "142"]
[EventDate "2017.08.??"]
[SourceDate "2017.09.01"]

1. d4 Nf6 2. Bg5 d5 3. e3 e6 4. Nc3 Be7 5. Qf3 Nbd7 6. h3 c5 7. Bb5 Qb6 8. Nge2
a6 9. Ba4 Qa5 10. Bxd7+ Bxd7 11. O-O Rc8 12. Rfd1 Bc6 13. Bf4 O-O 14. g4 Rfd8
15. Ng3 Ne4 16. Ngxe4 dxe4 17. Qe2 Qb6 18. dxc5 Qxb2 19. Be5 Qa3 20. Qc4 Qxc5
21. Qxc5 Bxc5 22. Ne2 f6 23. Bd4 Bxd4 24. Nxd4 Bd5 25. Rd2 Kf7 26. a4 g6 27. a5
Rc3 28. Ne2 Rc5 29. c3 Rdc8 30. Rb2 R8c7 31. Ra3 Bc4 32. Nc1 Bb5 33. Na2 Rd7
34. Nb4 Rd1+ 35. Kh2 h5 36. Na2 hxg4 37. c4 Rxc4 38. Nc3 Rd3 39. Nxb5 axb5 40.
Raa2 Rd5 41. hxg4 b4 42. a6 bxa6 43. Rxa6 Rb5 44. Ra7+ Ke8 45. Rd2 Rd5 46. Rb2
Rd7 47. Ra8+ Rd8 48. Ra7 Rd7 49. Ra8+ Ke7 50. Rb8 g5 51. R8xb4 Rxb4 52. Rxb4 f5
53. Kg2 Kf6 54. gxf5 exf5 55. Rb6+ Kf7 56. Kf1 f4 57. exf4 gxf4 58. Ke2 Rd4 59.
Ra6 Rb4 60. Rc6 Rb2+ 61. Ke1 f3 62. Ra6 Ke7 63. Rh6 Re2+ 64. Kf1 Rd2 65. Ke1
Rd6 66. Rh4 Re6 67. Kd2 Kd6 68. Ke3 Kd5 69. Rh5+ Re5 70. Rh4 Re6 71. Rh5+ Re5
1/2-1/2

[Event "2017CICC"]
[Site "Calgary Alberta"]
[Date "2017.08.06"]
[Round "7.7"]
[White "Niemann, Hans Moke"]
[Black "Kostadinov, Georgi"]
[Result "1-0"]
[WhiteElo "2254"]
[BlackElo "1997"]
[PlyCount "47"]
[EventDate "2017.08.??"]
[SourceDate "2017.09.01"]

1. d4 d5 2. c4 c6 3. Nf3 Nf6 4. e3 a6 5. Nc3 Bf5 6. Be2 e6 7. Nh4 Be4 8. f3 Bg6
9. O-O c5 10. Qb3 Nc6 11. Rd1 cxd4 12. exd4 Nxd4 13. Rxd4 Bc5 14. Be3 e5 15.
Nxg6 exd4 16. Nxh8 dxe3 17. Qxb7 Ra7 18. Qc6+ Nd7 19. Qxd5 Qe7 20. Ne4 h6 21.
Nxc5 Nxc5 22. Nxf7 Rd7 23. Qh5 Kf8 24. Ne5 1-0

[Event "2017CICC"]
[Site "Calgary Alberta"]
[Date "2017.08.06"]
[Round "7.9"]
[White "Matras-Clement, Agnieszka"]
[Black "Ebrahim-Shirazi, Behrooz"]
[Result "1-0"]
[WhiteElo "2230"]
[BlackElo "2037"]
[PlyCount "65"]
[EventDate "2017.08.??"]
[SourceDate "2017.09.01"]

1. e4 e6 2. d4 d5 3. Nd2 Nf6 4. e5 Nfd7 5. Bd3 c5 6. c3 Nc6 7. Ne2 f6 8. Nf4
Qe7 9. Qh5+ Qf7 10. exf6 Nxf6 11. Qxf7+ Kxf7 12. Nf3 cxd4 13. cxd4 Bb4+ 14. Bd2
Bd6 15. O-O Re8 16. Rfe1 e5 17. dxe5 Nxe5 18. Ng5+ Kg8 19. Bb5 Re7 20. h4 h6
21. Ngh3 Bf5 22. Bc3 Rd8 23. Rad1 Bxh3 24. Nxh3 Ne4 25. Bd4 Nc6 26. Be3 Bb4 27.
Re2 Nf6 28. Nf4 Kh7 29. Rc2 Ng4 30. Bd3+ Kg8 31. Nxd5 Rxd5 32. Bc4 Nxe3 33.
fxe3 1-0

[Event "2017CICC"]
[Site "Calgary Alberta"]
[Date "2017.08.06"]
[Round "7.10"]
[White "Perron, Sean"]
[Black "Willis, Brad"]
[Result "1/2-1/2"]
[WhiteElo "2080"]
[BlackElo "1991"]
[PlyCount "107"]
[EventDate "2017.08.??"]
[SourceDate "2017.09.01"]

1. c4 Nf6 2. Nc3 g6 3. g3 Bg7 4. Bg2 d6 5. Rb1 O-O 6. d3 e5 7. e3 Nc6 8. b4 Ne8
9. b5 Ne7 10. Nge2 f5 11. O-O c6 12. Qb3 Kh8 13. f4 Nc7 14. bxc6 bxc6 15. Ba3
Rf6 16. Rfd1 Bd7 17. Qc2 Nc8 18. Kh1 Re6 19. e4 Nb6 20. c5 dxc5 21. Bxc5 Na6
22. Bg1 Rc8 23. exf5 gxf5 24. fxe5 Bxe5 25. d4 Bg7 26. Nf4 Rh6 27. Qe2 Nc7 28.
Nh5 Qe8 29. Nxg7 Qxe2 30. Nxe2 Kxg7 31. Nf4 Ne6 32. Nd3 Ng5 33. Be3 Kf6 34. Ne5
Be6 35. h4 Rg8 36. Kg1 Nh3+ 37. Kh2 f4 38. Bxh3 Rxg3 39. Bxf4 Rxh3+ 40. Kg1
R6xh4 41. Rf1 Rh1+ 42. Kg2 Bd5+ 43. Nf3 Rxf4 44. Rxh1 Rxf3 45. Kg1 Rg3+ 46. Kf2
Bxh1 47. Kxg3 Bd5 48. Kf4 Bf7 49. a4 Nd5+ 50. Kg3 a5 51. Rb7 Nb4 52. Ra7 Nc2
53. Rxa5 Nxd4 54. Ra7 1/2-1/2

[Event "2017CICC"]
[Site "Calgary Alberta"]
[Date "2017.08.06"]
[Round "7.11"]
[White "Findlay, Ian"]
[Black "Timmerman, Brian"]
[Result "1/2-1/2"]
[WhiteElo "2226"]
[BlackElo "1615"]
[PlyCount "111"]
[EventDate "2017.08.??"]
[SourceDate "2017.09.01"]

1. e4 c5 2. Nf3 e6 3. d4 cxd4 4. Nxd4 Nc6 5. Nc3 Qc7 6. Be3 a6 7. Qd2 Nf6 8. f3
Be7 9. O-O-O b5 10. g4 Nxd4 11. Bxd4 Bb7 12. g5 Nh5 13. Be5 Qxe5 14. Qxd7+ Kf8
15. Qxb7 Qb8 16. Qxb8+ Rxb8 17. Rg1 Nf4 18. Ne2 Nxe2+ 19. Bxe2 Ke8 20. f4 Bc5
21. Rg3 Ke7 22. Rgd3 Rhd8 23. Rxd8 Rxd8 24. Rxd8 Kxd8 25. Kd2 Kc7 26. c3 Kb6
27. Bh5 f6 28. gxf6 gxf6 29. Bf7 e5 30. f5 b4 31. cxb4 Bxb4+ 32. Kd3 a5 33. a3
Be1 34. Kc4 h6 35. Be8 Bh4 36. Kd5 Bg5 37. b4 axb4 38. axb4 Bh4 39. Ke6 Bg5 40.
Ke7 Bh4 41. Kf7 Bg5 42. Kg6 Kc7 43. b5 Kb6 44. Kh5 Bf4 45. h3 Be3 46. Kg4 Bd2
47. Bd7 Be3 48. Bc6 Bd2 49. Be8 Be3 50. Kh5 Bd2 51. Kg6 Bg5 52. Kg7 Kc5 53. Kg6
Kb6 54. Kh5 Be3 55. h4 Bf2 56. Kxh6 1/2-1/2

[Event "2017CICC"]
[Site "Calgary Alberta"]
[Date "2017.08.06"]
[Round "7.12"]
[White "Chandra, Anand"]
[Black "Booker, Brad"]
[Result "0-1"]
[WhiteElo "1682"]
[BlackElo "2114"]
[PlyCount "54"]
[EventDate "2017.08.??"]
[SourceDate "2017.09.01"]

1. e4 c6 2. d4 d5 3. Nc3 dxe4 4. Nxe4 Nf6 5. Nxf6+ exf6 6. c3 Bd6 7. Bd3 Be6 8.
Nf3 Nd7 9. Be3 Nb6 10. b3 Nd5 11. Bd2 O-O 12. O-O Bg4 13. Re1 Qc7 14. h3 Bh5
15. Bf1 Rfe8 16. c4 Nf4 17. g3 Ne6 18. Be3 Bb4 19. g4 Bxe1 20. Qxe1 Bg6 21. Qc3
Rad8 22. Rd1 h5 23. Qb2 hxg4 24. hxg4 Be4 25. Nd2 Ng5 26. Bg2 Bxg2 27. Kxg2 Qd7
0-1

[Event "2017CICC"]
[Site "Calgary Alberta"]
[Date "2017.08.06"]
[Round "7.15"]
[White "Gashgarian, Rob"]
[Black "Dave, Bhavik"]
[Result "1/2-1/2"]
[WhiteElo "1679"]
[BlackElo "1771"]
[PlyCount "91"]
[EventDate "2017.08.??"]
[SourceDate "2017.09.01"]

1. d4 Nf6 2. c4 g6 3. Nc3 d5 4. Bg5 Ne4 5. Bf4 c6 6. e3 Bg7 7. Nf3 O-O 8. h3
Qa5 9. a3 c5 10. cxd5 cxd4 11. exd4 Nxc3 12. Qd2 Qxd5 13. bxc3 Nc6 14. Rd1 Rd8
15. c4 Qe6+ 16. Be3 Nxd4 17. Nxd4 Rxd4 18. Qxd4 Bxd4 19. Rxd4 b6 20. Be2 Ba6
21. O-O Rc8 22. Rc1 b5 23. Bg4 f5 24. Bf3 Kg7 25. Bd5 Qf6 26. Rdd1 bxc4 27. f4
Qh4 28. Bd4+ Kh6 29. Rc3 Rb8 30. Bf2 Qf6 31. Bd4 Qh4 32. Bf2 Qf6 33. Bd4 Qf8
34. g4 g5 35. fxg5+ Kg6 36. Rf3 f4 37. Be5 Rb3 38. Rxf4 Qc8 39. Be4+ Kxg5 40.
Rf5+ Qxf5 41. Bxf5 Rxh3 42. Rd7 Bc8 43. Rxa7 Bxf5 44. gxf5 Kxf5 45. Rxe7 Re3
46. Bd6 1/2-1/2

[Event "2017CICC"]
[Site "Calgary Alberta"]
[Date "2017.08.06"]
[Round "7.16"]
[White "Sklenka, Steve"]
[Black "Sharma, Vishruth"]
[Result "1/2-1/2"]
[WhiteElo "1553"]
[BlackElo "1454"]
[PlyCount "66"]
[EventDate "2017.08.??"]
[SourceDate "2017.09.01"]

1. c4 Nf6 2. Nc3 g6 3. d4 Bg7 4. Nf3 O-O 5. e4 d6 6. g3 Bg4 7. Bg2 e5 8. Be3
Nc6 9. Qd2 Bxf3 10. Bxf3 exd4 11. Bxd4 Nxe4 12. Bxe4 Nxd4 13. O-O c6 14. Bg2
Qc7 15. Rac1 Rfe8 16. Rfe1 Rxe1+ 17. Rxe1 Qd7 18. Re4 Ne6 19. Bh3 f5 20. Re1
Nd4 21. Bg2 Re8 22. b3 Rxe1+ 23. Qxe1 Kf7 24. Kf1 Qe7 25. Qxe7+ Kxe7 26. Ne2
Nxe2 27. Kxe2 Bd4 28. h3 Ke6 29. f3 d5 30. cxd5+ Kxd5 31. g4 Ke5 32. Kd3 Bc5
33. Bf1 b5 1/2-1/2

[Event "2017CICC"]
[Site "Calgary Alberta"]
[Date "2017.08.06"]
[Round "8.2"]
[White "Foisor, Sabina-Francesca"]
[Black "Sambuev, Bator"]
[Result "0-1"]
[WhiteElo "2358"]
[BlackElo "2522"]
[PlyCount "140"]
[EventDate "2017.08.??"]
[SourceDate "2017.09.01"]

1. Nf3 Nf6 2. c4 g6 3. d4 Bg7 4. e3 O-O 5. Be2 c5 6. d5 b5 7. cxb5 a6 8. Nc3
axb5 9. Bxb5 Ne4 10. Nxe4 Qa5+ 11. Nc3 Bxc3+ 12. bxc3 Qxb5 13. Nd2 Qd3 14. c4
d6 15. Rb1 Bf5 16. g4 Na6 17. Rb3 Nb4 18. Rxd3 Bxd3 19. f4 Rxa2 20. Kf2 Rfa8
21. Kg3 Rc2 22. h4 f6 23. g5 h5 24. gxh6 Kh7 25. h5 Rg8 26. hxg6+ Rxg6+ 27. Kf3
Na2 28. Nb3 Bf5 29. Rg1 Nc3 30. Qxc2 Bxc2 31. Rxg6 Kxg6 32. Na5 Be4+ 33. Kf2
Kxh6 34. Nc6 e5 35. Nd8 Bg6 36. fxe5 Ne4+ 37. Ke1 fxe5 38. Bd2 Kg7 39. Ba5 Bh5
40. Bc7 Kf8 41. Ne6+ Ke7 42. Bd8+ Kd7 43. Bh4 Nc3 44. Kd2 Na4 45. Bd8 Nb2 46.
Kc3 Nd1+ 47. Kd2 Bg4 48. Ba5 Nf2 49. Ng5 Ke7 50. Ke1 Nh1 51. Kf1 Ng3+ 52. Kf2
Nh5 53. Bc7 Kd7 54. Bxd6 Kxd6 55. Nf7+ Ke7 56. Nxe5 Bf5 57. Kf3 Nf6 58. Kf4 Bc2
59. Nc6+ Kd6 60. Nd8 Ne4 61. Nf7+ Ke7 62. Ne5 Nd2 63. Nc6+ Kd6 64. Ne5 Kc7 65.
Kg5 Bb3 66. Kf5 Nxc4 67. Ng4 Bd1 68. Nf6 Nxe3+ 69. Ke5 Ng4+ 70. Nxg4 Bxg4 {Kd4}
0-1

[Event "2017CICC"]
[Site "Calgary Alberta"]
[Date "2017.08.06"]
[Round "8.4"]
[White "Moradiabadi, Elshan"]
[Black "Becerra, Julio"]
[Result "1/2-1/2"]
[WhiteElo "2530"]
[BlackElo "2539"]
[PlyCount "65"]
[EventDate "2017.08.??"]
[SourceDate "2017.09.01"]

1. d4 Nf6 2. c4 g6 3. Nf3 Bg7 4. Nc3 d6 5. e4 O-O 6. Be2 e5 7. O-O Nc6 8. d5
Ne7 9. Bg5 h6 10. Bxf6 Bxf6 11. b4 Bg7 12. c5 f5 13. Nd2 Kh8 14. Rc1 a6 15. a4
Ng8 16. Bd3 Nf6 17. Qc2 Ne8 18. a5 h5 19. cxd6 Nxd6 20. Na4 Bh6 21. Rce1 fxe4
22. Nxe4 Nf5 23. Qc5 h4 24. h3 Bd7 25. Nb2 b6 26. Qc3 Bg7 27. Rc1 Ra7 28. Bc4
Nd4 29. Qe3 Nf5 30. Qd3 Nd4 31. Qe3 Nf5 32. Qd3 Nd4 33. Qe3 1/2-1/2

[Event "2017CICC"]
[Site "Calgary Alberta"]
[Date "2017.08.06"]
[Round "8.5"]
[White "Haessel, Dale"]
[Black "Niemann, Hans Moke"]
[Result "1-0"]
[WhiteElo "2205"]
[BlackElo "2254"]
[PlyCount "43"]
[EventDate "2017.08.??"]
[SourceDate "2017.09.01"]

1. d4 Nf6 2. c4 c5 3. d5 e6 4. Nc3 exd5 5. cxd5 d6 6. Nf3 g6 7. Nd2 Bg7 8. Nc4
O-O 9. Bg5 h6 10. Bf4 Ne8 11. Qc1 g5 12. Bd2 f5 13. h4 f4 14. hxg5 hxg5 15. e3
Qf6 16. Bd3 Bf5 17. Qc2 Nd7 18. exf4 gxf4 19. Rh5 Bxd3 20. Qxd3 Bh6 21. Qh3
Qe7+ 22. Qe6+ 1-0

[Event "2017CICC"]
[Site "Calgary Alberta"]
[Date "2017.08.06"]
[Round "8.6"]
[White "Cao, Jason"]
[Black "Malek, Omid"]
[Result "1-0"]
[WhiteElo "2328"]
[BlackElo "2090"]
[PlyCount "123"]
[EventDate "2017.08.??"]
[SourceDate "2017.09.01"]

1. e4 e6 2. d4 d5 3. Nc3 Nc6 4. Nf3 Nf6 5. e5 Ne4 6. Bd3 Bb4 7. O-O Nxc3 8.
bxc3 Bxc3 9. Rb1 Nxd4 10. Nxd4 Bxd4 11. Bb5+ c6 12. Qxd4 cxb5 13. Qg4 Kf8 14.
Rxb5 h5 15. Qg3 Bd7 16. Rxb7 Qc8 17. Ba3+ Kg8 18. Qb3 Bc6 19. Rb4 a5 20. Rb6
Rh6 21. Rb1 d4 22. Qd3 Rg6 23. g3 Bd5 24. Bd6 Qc4 25. Qxc4 Bxc4 26. a4 d3 27.
Rb8+ Rxb8 28. Rxb8+ Kh7 29. cxd3 Bxd3 30. f4 h4 31. Kf2 hxg3+ 32. hxg3 Rh6 33.
Ra8 Rh1 34. Rxa5 Ra1 35. Ra7 Kg6 36. a5 Ra4 37. Bc7 Kf5 38. Bd8 Kg6 39. Rb7 Ba6
40. Ra7 Bc4 41. Ke3 Bf1 42. Bh4 Bb5 43. Kd2 Ra3 44. Kc2 Be2 45. Kb2 Ra4 46. Kb3
Ra1 47. Kb4 Rb1+ 48. Kc5 Ra1 49. Kd6 Rd1+ 50. Ke7 Rd5 51. Kf8 Rb5 52. Bd8 Rb8
53. Ke8 Bb5+ 54. Ke7 Be2 55. Bb6 Bf3 56. Rd7 Ra8 57. Rd8 Rxd8 58. Bxd8 Bd5 59.
a6 f5 60. a7 Kh5 61. Kd7 Kg4 62. Bh4 1-0

[Event "2017CICC"]
[Site "Calgary Alberta"]
[Date "2017.08.06"]
[Round "8.7"]
[White "Shi, Diwen"]
[Black "Matras-Clement, Agnieszka"]
[Result "0-1"]
[WhiteElo "2261"]
[BlackElo "2230"]
[PlyCount "67"]
[EventDate "2017.08.??"]
[SourceDate "2017.09.01"]

1. e4 c5 2. Nf3 Nc6 3. Bb5 e6 4. O-O Nge7 5. Re1 a6 6. Bf1 d5 7. d3 b6 8. Nc3
d4 9. Ne2 Ng6 10. g3 Be7 11. Bg2 e5 12. Rf1 O-O 13. Ne1 Bg5 14. f4 exf4 15.
Nxf4 Nxf4 16. gxf4 Bh6 17. Qh5 f5 18. e5 Bb7 19. Nf3 Ne7 20. Bd2 Ra7 21. Kf2
Nd5 22. Kg3 Bc6 23. Rae1 Qe7 24. Rf2 Qe6 25. Rfe2 Kh8 26. c3 dxc3 27. bxc3 Ne7
28. Be3 Bb5 29. c4 Be8 30. Qh3 Ng6 31. Kf2 Rd7 32. Rd2 Bf7 33. Kg3 Rfd8 34.
Red1 0-1